[Event "Mittelfranken Landesliga Sued 2223"]
[Site "Mittelfranken"]
[Date "2022.11.27"]
[Round "3.1"]
[White "Ankerst, Mihael"]
[Black "Sailer, Wolfgang"]
[Result "1/2-1/2"]
[WhiteElo "2373"]
[BlackElo "2149"]
[PlyCount "64"]
[EventDate "2022.10.09"]
[EventType "team-tourn"]
[EventRounds "9"]
[EventCountry "GER"]
[SourceTitle "EXT 2024"]
[Source "ChessBase"]
[SourceDate "2023.10.10"]
[SourceVersion "1"]
[SourceVersionDate "2023.10.10"]
[SourceQuality "1"]
[WhiteTeam "Bayern Muenchen III"]
[BlackTeam "Neuburg"]
[WhiteTeamCountry "GER"]
[BlackTeamCountry "GER"]

1. e4 c5 2. Nf3 d6 3. d4 cxd4 4. Nxd4 Nf6 5. Nc3 a6 6. Bc4 e6 7. Bb3 b5 8. Bg5 Be7 9. Qf3 Qc7 10. 0-0-0 Nbd7 11. Rhe1 0-0 12. Qg3 Nc5 13. Bh6 Ne8 14. a3 Nxb3+ 15. Nxb3 Bd7 16. Bf4 a5 17. e5 dxe5 18. Bxe5 Qb7 19. Ne4 Bc6 20. Nbc5 Qa7 21. Qe3 Bd5 22. Bd4 Qc7 23. f4 Rc8 24. b4 axb4 25. axb4 Bxe4 26. Qxe4 Bf6 27. Be5 Qa7 28. Kb2 Rxc5 29. bxc5 Qxc5 30. Rd7 Nd6 31. Rxd6 Qxd6 32. Re3 Bxe5+ 1/2-1/2

[Event "Bezirksliga Oberbayern 1819"]
[Site "Bayern"]
[Date "2018.12.16"]
[Round "4.2"]
[White "Sailer, Wolfgang"]
[Black "Frese, Daniel"]
[Result "1/2-1/2"]
[WhiteElo "2111"]
[BlackElo "2024"]
[PlyCount "34"]
[EventDate "2018.10.21"]
[EventType "team-tourn"]
[EventRounds "9"]
[EventCountry "GER"]
[SourceTitle "EXT 2022"]
[Source "ChessBase"]
[SourceDate "2021.10.06"]
[SourceVersion "1"]
[SourceVersionDate "2021.10.06"]
[SourceQuality "1"]
[WhiteTeam "Neuburg"]
[BlackTeam "Traunstein/Traunreut"]
[WhiteTeamCountry "GER"]
[BlackTeamCountry "GER"]

1. e4 e6 2. d4 d5 3. Nc3 Nf6 4. e5 Nfd7 5. f4 c5 6. Nf3 Nc6 7. Be3 Be7 8. Qd2 0-0 9. dxc5 Bxc5 10. 0-0-0 Qa5 11. a3 a6 12. Nd4 Bxd4 13. Bxd4 b5 14. Na2 Qa4 15. Nc3 Qa5 16. Na2 Qa4 17. Nc3 Qa5 1/2-1/2

[Event "Regionalliga SO 1617"]
[Site "Bayern"]
[Date "2017.01.15"]
[Round "4.5"]
[White "Fehrmann, Gregor"]
[Black "Sailer, Wolfgang"]
[Result "0-1"]
[WhiteElo "1938"]
[BlackElo "2078"]
[PlyCount "104"]
[EventDate "2016.10.16"]
[EventType "team-tourn"]
[EventRounds "9"]
[EventCountry "GER"]
[SourceTitle "EXT 2019"]
[Source "ChessBase"]
[SourceDate "2018.10.10"]
[SourceVersion "1"]
[SourceVersionDate "2018.10.10"]
[SourceQuality "1"]
[WhiteTeam "Bruckmuehl"]
[BlackTeam "Ingolstadt"]
[WhiteTeamCountry "GER"]
[BlackTeamCountry "GER"]

1. e4 c5 2. Nf3 d6 3. d4 cxd4 4. Nxd4 Nf6 5. Nc3 a6 6. Be2 e6 7. 0-0 Qc7 8. Re1 Be7 9. Bf1 b5 10. a3 Bb7 11. Nf3 Nbd7 12. h3 0-0 13. Bf4 Rfd8 14. Bd3 Rac8 15. Re3 Nb6 16. e5 Nfd5 17. Nxd5 Nxd5 18. exd6 Bxd6 19. Bxd6 Qxd6 20. Bxh7+ Kxh7 21. Ng5+ Kg8 22. Qh5 Qd7 23. Qh7+ Kf8 24. Rd3 Qe8 25. Re1 Nf6 26. Rxd8 Rxd8 27. Qh8+ Ng8 28. Nh7+ Ke7 29. Qxg7 Rd5 30. Ng5 Bc8 31. Nh7 Bd7 32. Re3 Kd8 33. Rc3 Ke7 34. Rg3 Rd1+ 35. Kh2 Kd6 36. Qxg8 Qxg8 37. Rxg8 Rd2 38. Ra8 Rxc2 39. Rxa6+ Bc6 40. f3 Rxb2 41. Ng5 Ra2 42. Nxf7+ Kc7 43. Ne5 Bd5 44. Kg3 Kb7 45. Rd6 Rxa3 46. h4 b4 47. Rd7+ Kc8 48. Rg7 Re3 49. Kf4 b3 50. h5 Rxe5 51. h6 Rh5 52. h7 b2 0-1

[Event "Regionalliga SO 1617"]
[Site "Bayern"]
[Date "2016.10.16"]
[Round "1.5"]
[White "Sailer, Wolfgang"]
[Black "Tunka, Philipp"]
[Result "1-0"]
[WhiteElo "2078"]
[BlackElo "2028"]
[PlyCount "57"]
[EventDate "2016.10.16"]
[EventType "team-tourn"]
[EventRounds "9"]
[EventCountry "GER"]
[SourceTitle "EXT 2019"]
[Source "ChessBase"]
[SourceDate "2018.10.10"]
[SourceVersion "1"]
[SourceVersionDate "2018.10.10"]
[SourceQuality "1"]
[WhiteTeam "Ingolstadt"]
[BlackTeam "Groebenzell II"]
[WhiteTeamCountry "GER"]
[BlackTeamCountry "GER"]

1. e4 c5 2. Nc3 Nc6 3. f4 e6 4. Nf3 a6 5. d3 b5 6. Qe2 Nd4 7. Nxd4 cxd4 8. Nd1 d5 9. g3 Bb7 10. Bg2 Bc5 11. 0-0 dxe4 12. Bxe4 Bd5 13. f5 e5 14. Nf2 f6 15. Bxd5 Qxd5 16. Ne4 Rc8 17. Bd2 h5 18. b4 Bb6 19. Rac1 Ne7 20. Qf3 Qd7 21. Kh1 Kf8 22. a4 bxa4 23. c4 dxc3 24. Rxc3 Rxc3 25. Bxc3 Nd5 26. Bd2 Bd4 27. Rc1 a3 28. Nc5 Qd8 29. Ne6+ 1-0

[Event "Regionalliga SO 1516"]
[Site "Bayern"]
[Date "2016.04.10"]
[Round "9.1"]
[White "Prusikin, Michael"]
[Black "Sailer, Wolfgang"]
[Result "1/2-1/2"]
[WhiteElo "2485"]
[BlackElo "2074"]
[PlyCount "160"]
[EventDate "2015.10.11"]
[EventType "team-tourn"]
[EventRounds "9"]
[EventCountry "GER"]
[SourceTitle "EXT 2018"]
[Source "ChessBase"]
[SourceDate "2017.10.13"]
[SourceVersion "1"]
[SourceVersionDate "2017.10.13"]
[SourceQuality "1"]
[WhiteTeam "Tegernsee"]
[BlackTeam "Ingolstadt"]
[WhiteTeamCountry "GER"]
[BlackTeamCountry "GER"]

1. d4 Nf6 2. c4 c5 3. d5 b5 4. cxb5 a6 5. bxa6 g6 6. Nc3 Bxa6 7. Nf3 d6 8. e4 Bxf1 9. Kxf1 Nbd7 10. g3 Bg7 11. Kg2 0-0 12. a4 Qa5 13. Qc2 Rfb8 14. Re1 Ng4 15. Bd2 Qb4 16. h3 Nge5 17. Nb5 Qc4 18. Bc3 Nxf3 19. Kxf3 Bxc3 20. bxc3 Nb6 21. Reb1 Nxa4 22. Nxd6 Qxc3+ 23. Qxc3 Nxc3 24. Rxb8+ Rxb8 25. Nc4 Rb4 26. d6 exd6 27. Ra8+ Kg7 28. Nxd6 Kf6 29. Re8 Nb5 30. e5+ Kg7 31. Ne4 Nd4+ 32. Kg2 Nc6 33. Nxc5 Rb5 34. Nd7 Rd5 35. e6 fxe6 36. Rxe6 Rxd7 37. Rxc6 Ra7 38. Rb6 Rc7 39. Ra6 Rb7 40. Ra3 h6 41. f4 Kf7 42. Kf3 Kg7 43. g4 Kf7 44. h4 Kg7 45. Rd3 Ra7 46. Rd5 Re7 47. h5 gxh5 48. Rxh5 Ra7 49. Rd5 Ra6 50. Ke4 Kf6 51. Rf5+ Kg6 52. Re5 Rb6 53. Rd5 Ra6 54. Ke5 Ra7 55. Rd6+ Kg7 56. Ke6 Kg6 57. Kd5+ Kg7 58. Ke4 Re7+ 59. Kf3 Ra7 60. Kg3 Ra3+ 61. Kh4 Ra1 62. Rd7+ Kf6 63. Rd6+ Kg7 64. f5 Rh1+ 65. Kg3 Rg1+ 66. Kf3 Rf1+ 67. Kg2 Ra1 68. Rd7+ Kf6 69. Rh7 Kg5 70. Rg7+ Kf4 71. f6 Ra8 72. Kh3 Rf8 73. f7 Ke5 74. Rg6 Rxf7 75. Rxh6 Rf6 76. Rh8 Rg6 77. Rf8 Rf6 78. Rg8 Rh6+ 79. Kg3 Kf6 80. Ra8 Rh1 1/2-1/2

[Event "Regionalliga SO 1516"]
[Site "Bayern"]
[Date "2015.10.11"]
[Round "1.2"]
[White "Guttenthaler, Franz"]
[Black "Sailer, Wolfgang"]
[Result "0-1"]
[WhiteElo "2228"]
[BlackElo "2074"]
[PlyCount "86"]
[EventDate "2015.10.11"]
[EventType "team-tourn"]
[EventRounds "9"]
[EventCountry "GER"]
[SourceTitle "EXT 2018"]
[Source "ChessBase"]
[SourceDate "2017.10.13"]
[SourceVersion "1"]
[SourceVersionDate "2017.10.13"]
[SourceQuality "1"]
[WhiteTeam "Germering"]
[BlackTeam "Ingolstadt"]
[WhiteTeamCountry "GER"]
[BlackTeamCountry "GER"]

1. d4 Nf6 2. c4 c5 3. d5 b5 4. cxb5 a6 5. bxa6 g6 6. Nc3 Bxa6 7. Nf3 d6 8. g3 Bg7 9. Bg2 Nbd7 10. Rb1 0-0 11. 0-0 Qa5 12. Bd2 Bb7 13. Qc2 Qa7 14. e4 Ba6 15. Rfd1 Ng4 16. Be1 Rfb8 17. b3 Nde5 18. a4 Nxf3+ 19. Bxf3 c4 20. b4 Ne5 21. Be2 Bc8 22. a5 h5 23. Na4 Bg4 24. Nb6 Rxb6 25. axb6 Qxb6 26. Kg2 Ra3 27. Ra1 Rb3 28. Rab1 Ra3 29. h3 Bxe2 30. Qxe2 Nd3 31. b5 h4 32. Bb4 hxg3 33. fxg3 Nxb4 34. Rxb4 Be5 35. Rh1 Rxg3+ 36. Kf1 c3 37. Rb1 Kg7 38. Qf2 Re3 39. Kg2 Qd4 40. Rbe1 Qxe4+ 41. Kg1 Bd4 42. Kh2 Qe5+ 43. Kg2 Qxd5+ 0-1

[Event "Pyramiden Franken Cup"]
[Site "Fuerth"]
[Date "2015.09.06"]
[Round "7"]
[White "Promyshlyanskiy, Vitaliy"]
[Black "Sailer, Wolfgang"]
[Result "1-0"]
[WhiteElo "2236"]
[BlackElo "2127"]
[PlyCount "55"]
[EventDate "2015.09.03"]
[EventType "swiss"]
[EventRounds "7"]
[EventCountry "GER"]
[SourceTitle "EXT 2016"]
[Source "ChessBase"]
[SourceDate "2015.10.08"]
[SourceVersion "1"]
[SourceVersionDate "2015.10.08"]
[SourceQuality "1"]

1. e4 e6 2. d4 d5 3. Nd2 Nf6 4. e5 Nfd7 5. Bd3 c5 6. c3 Nc6 7. Ne2 cxd4 8. cxd4 f6 9. exf6 Nxf6 10. Nf3 Bd6 11. 0-0 0-0 12. Bg5 e5 13. dxe5 Nxe5 14. Nc3 Qe8 15. Nxe5 Qxe5 16. f4 Qe3+ 17. Kh1 Bg4 18. Qc2 Rac8 19. Bxf6 gxf6 20. Bxh7+ Kh8 21. Rae1 Qc5 22. Bf5 Bxf5 23. Qxf5 d4 24. Qh3+ Kg7 25. Rf3 Be7 26. Rxe7+ Qxe7 27. Rg3+ Kf7 28. Qh5+ 1-0

[Event "Pyramiden Franken Cup"]
[Site "Fuerth"]
[Date "2015.09.03"]
[Round "1"]
[White "Sailer, Wolfgang"]
[Black "Schulz, Siegfried"]
[Result "1-0"]
[WhiteElo "2127"]
[BlackElo "1928"]
[PlyCount "51"]
[EventDate "2015.09.03"]
[EventType "swiss"]
[EventRounds "7"]
[EventCountry "GER"]
[SourceTitle "EXT 2016"]
[Source "ChessBase"]
[SourceDate "2015.10.08"]
[SourceVersion "1"]
[SourceVersionDate "2015.10.08"]
[SourceQuality "1"]

1. e4 e6 2. d4 d5 3. Nd2 g6 4. Bd3 Bg7 5. c3 Nd7 6. Ne2 dxe4 7. Nxe4 Ngf6 8. N2g3 b6 9. Bg5 h6 10. Nxf6+ Bxf6 11. Qf3 Rb8 12. Bf4 Bb7 13. Ne4 Bg7 14. Qg3 Rc8 15. 0-0-0 g5 16. h4 Nf6 17. Nxf6+ Bxf6 18. hxg5 Rg8 19. g6 Bg5 20. Rh5 fxg6 21. Rxg5 hxg5 22. Bxg5 Qd5 23. Qf4 Qd6 24. Qf6 Bxg2 25. Re1 Kd7 26. Bb5+ 1-0

[Event "Landesliga Sued 1415"]
[Site "Bayern"]
[Date "2015.02.22"]
[Round "7.3"]
[White "Wisnet, Dominic"]
[Black "Sailer, Wolfgang"]
[Result "0-1"]
[WhiteElo "2344"]
[BlackElo "2074"]
[PlyCount "54"]
[EventDate "2014.10.19"]
[EventType "team-tourn"]
[EventRounds "9"]
[EventCountry "GER"]
[SourceTitle "EXT 2018"]
[Source "ChessBase"]
[SourceDate "2017.10.13"]
[SourceVersion "1"]
[SourceVersionDate "2017.10.13"]
[SourceQuality "1"]
[WhiteTeam "Roehrnbach"]
[BlackTeam "Ingolstadt"]
[WhiteTeamCountry "GER"]
[BlackTeamCountry "GER"]

1. e4 e6 2. d4 d5 3. e5 c5 4. c3 Nc6 5. Nf3 Qb6 6. a3 Nh6 7. b4 cxd4 8. cxd4 Nf5 9. Bb2 Be7 10. Bd3 0-0 11. 0-0 Bd7 12. Nc3 Ncxd4 13. Nxd4 Nxd4 14. Nxd5 exd5 15. Bxd4 Qh6 16. f4 f5 17. Qb3 Be6 18. Rac1 Rfc8 19. Rxc8+ Rxc8 20. Bxa7 g5 21. fxg5 Bxg5 22. Bxf5 Bxf5 23. Qg3 Qg6 24. Rxf5 Qxf5 25. h4 Rc1+ 26. Kh2 Qf4 27. hxg5 Rh1+ 0-1

[Event "Landesliga Sued 1314"]
[Site "Bayern"]
[Date "2014.04.06"]
[Round "9.8"]
[White "Sailer, Wolfgang"]
[Black "Ciolek, Florian"]
[Result "1-0"]
[WhiteElo "2205"]
[BlackElo "1994"]
[PlyCount "83"]
[EventDate "2013.10.13"]
[EventType "team-tourn"]
[EventRounds "9"]
[EventCountry "GER"]
[SourceTitle "EXT 2015"]
[Source "ChessBase"]
[SourceDate "2014.11.20"]
[SourceVersion "1"]
[SourceVersionDate "2014.11.20"]
[SourceQuality "1"]
[WhiteTeam "Ingolstadt"]
[BlackTeam "Unterhaching"]
[WhiteTeamCountry "GER"]
[BlackTeamCountry "GER"]

1. d4 d5 2. c4 e6 3. Nf3 c6 4. e3 Nf6 5. b3 Nbd7 6. Bd3 Bd6 7. Bb2 0-0 8. Nbd2 Re8 9. Ne5 c5 10. 0-0 b6 11. f4 Bb7 12. Nxd7 Qxd7 13. Nf3 Qe7 14. Ne5 Red8 15. Qe2 cxd4 16. exd4 Ba3 17. Bxa3 Qxa3 18. f5 Re8 19. fxe6 Rxe6 20. cxd5 Bxd5 21. Rac1 Qd6 22. Qf2 Rd8 23. Qh4 Bb7 24. Bc4 Re7 25. Rcd1 b5 26. Nxf7 Rxf7 27. Bxf7+ Kxf7 28. Qxh7 Qd5 29. Qh3 Kg8 30. Rd2 Ne4 31. Rd3 Ng5 32. Qg4 Rf8 33. Rxf8+ Kxf8 34. h4 Ne6 35. Qg3 Kg8 36. Qf2 Nf4 37. Rf3 Nxg2 38. Rf8+ Kh7 39. Qf5+ Qxf5 40. Rxf5 Ne3 41. Rxb5 Be4 42. Re5 1-0

[Event "Landesliga Sued 1011"]
[Site "Bayern"]
[Date "2011.01.16"]
[Round "5.6"]
[White "Rubke, Manfred"]
[Black "Sailer, Wolfgang"]
[Result "1/2-1/2"]
[WhiteElo "2118"]
[BlackElo "2091"]
[PlyCount "41"]
[EventDate "2010.10.10"]
[EventType "team-tourn"]
[EventRounds "9"]
[EventCountry "GER"]
[SourceTitle "EXT 2012"]
[Source "ChessBase"]
[SourceDate "2011.11.24"]
[SourceVersion "1"]
[SourceVersionDate "2011.11.24"]
[SourceQuality "1"]
[WhiteTeam "Haunstetten"]
[BlackTeam "Ingolstadt"]
[WhiteTeamCountry "GER"]
[BlackTeamCountry "GER"]

1. c4 g6 2. f4 c5 3. Nc3 Nc6 4. Nf3 Bg7 5. e4 d6 6. Be2 e6 7. d3 Nge7 8. Be3 Nd4 9. Bf2 0-0 10. g4 f5 11. exf5 exf5 12. g5 Qa5 13. 0-0 Bd7 14. a3 Nxe2+ 15. Qxe2 Rfe8 16. Be1 Qd8 17. Qf2 Bc6 18. Rd1 Qd7 19. Bd2 b6 20. Be3 Qb7 21. d4 1/2-1/2